00892pam a2200277 a 45000010005000000030006000050050017000110080041000280100017000690200015000860400023001010420009001240500024001330820012001571000021001692450033001902600035002233000056002585050007003145200162003215210022004835210018005056500032005236500021005556510038005761983FISKH20231024110133.0900530s1991 nyua j 000 1 eng  a 90040410  a0590463810 aDLCcDLCdDLCbeng alcac00aPZ7.R4726bTar 199100a8132201 aRinggold, Faith.10aTar Beach /cFaith Ringgold. aNew York :bScholastic,c1991. a32 unnumbered pages :bcolor illustrations ;c30 cm aQ  aA young girl dreams of flying above her Harlem home, claiming all she sees for herself and her family. Based on the author's quilt painting of the same name.8 a660 bLexile AD 8 aQ bRaz-Plus  1aAfrican AmericansvFiction. 1aFlightvFiction. 1aHarlem (New York, N.Y.)vFiction.